| 000 | 00694nam a2200181Ia 4500 | ||
|---|---|---|---|
| 008 | 100920s9999 xx 000 0 und d | ||
| 082 |
_b86945 _a24 न 02 |
||
| 100 | _aकश्यप सुभाष सी. | ||
| 245 | _aभारतीय संविधान और आदमी. | ||
| 260 |
_bसूचना और प्रसारण मन्त्रालय, भारत सरकार. _c2002 |
||
| 300 |
_a340 _bसाधी |
||
| 365 | _b100 | ||
| 520 | _aसायो. | ||
| 630 | _aभारतीय संविधान और आदमी. | ||
| 650 | _aसायो. | ||
| 730 | _aभारतीय संविधान और आदमी. | ||
| 942 | _cBOOK | ||
| 999 |
_c727455 _d727452 |
||